Personnalités politiques belges - Statistiques

Statistiques générales
  • Ce quiz a été pris 11 fois
  • Le résultat moyen est 9 sur 20
Statistiques - réponses
Par images Hint Réponse % Correct
NVA Bart de Wever
100%
PS Elio Di Rupo
100%
MR Georges-Louis Bouchez
88%
PTB Raoul Hedebouw
88%
Open VLD Maggie De Block
75%
NVA Theo Francken
75%
Les Engagés/Cdh Maxime Prevot
63%
MR Pierre-Yves Jeholet
63%
SP.a/Vooruit Frank Vandenbroucke
38%
PS Jean-Claude Marcourt
38%
MR Hadja Lahbib
25%
Les Engagés/Cdh Joëlle Milquet
25%
CD&V Koen Geens
25%
Défi Olivier Maingain
25%
Ecolo Georges Gilkinet
13%
Les Engagés/Cdh Jean-Luc Crucke
13%
MR Marie-Christine Marghem
13%
PS Laurette Onkelinx
0%
PS Marie Arena
0%
Les Engagés/Cdh Marie-Martine Schyns
0%
Aucun quiz correspondant
Distribution des résultats
% des personnes avec chaque résultat
Percentile par nombre de réponses
Votre historique - résultats
Vous n’avez pas pris ce quiz